书目信息 |
| 题名: |
中国光伏政策效应的微观机制研究
|
|
| 作者: | 袁潮清 , 张蕊 , 张玉龙 著 | |
| 分册: | ||
| 出版信息: | 北京 科学出版社 2025.03 |
|
| 页数: | 199页 | |
| 开本: | 24cm | |
| 丛书名: | ||
| 单 册: | ||
| 中图分类: | F426.61 | |
| 科图分类: | ||
| 主题词: | 太阳能光伏发电--电力工业--产业政策--研究--中国 | |
| 电子资源: | ||
| ISBN: | 978-7-03-081442-5 | |
| 000 | 01074nam0 2200253 450 | |
| 001 | 013166348 | |
| 005 | 20251022180628.54 | |
| 010 | @a978-7-03-081442-5@dCNY150.00 | |
| 100 | @a20250417d2025 em y0chiy0120 ea | |
| 101 | 0 | @achi |
| 102 | @aCN@b110000 | |
| 105 | @aa z 000yy | |
| 106 | @ar | |
| 200 | 1 | @a中国光伏政策效应的微观机制研究@9zhong guo guang fu zheng ce xiao ying de wei guan ji zhi yan jiu@f袁潮清,张蕊,张玉龙著 |
| 210 | @a北京@c科学出版社@d2025.03 | |
| 215 | @a199页@c图@d24cm | |
| 330 | @a本书对光伏政策动态演化规律进行了分析,以光伏企业、银行等微观主体为研究对象,针对光伏产业投融资、创新、生产和出口等多个环节,从信号引导、产业补贴等多个视角揭示光伏政策的微观作用机制。本书通过文本分析实现了对光伏政策内容研究的深化,同时也更加系统和全面地研究了产业政策作用机制。 | |
| 606 | 0 | @a太阳能光伏发电@x电力工业@x产业政策@x研究@y中国 |
| 690 | @aF426.61@v5 | |
| 701 | 0 | @a袁潮清@9yuan chao qing@4著 |
| 701 | 0 | @a张蕊@9zhang rui@4著 |
| 701 | 0 | @a张玉龙@9zhang yu long@4著 |
| 801 | 0 | @aCN@c20250910 |
| 905 | @a河南城建学院图书馆@dF426.61@eY885@ZY885@f1 | |
| 中国光伏政策效应的微观机制研究/袁潮清,张蕊,张玉龙著.-北京:科学出版社,2025.03 |
| 199页:图;24cm |
| ISBN 978-7-03-081442-5:CNY150.00 |
| 本书对光伏政策动态演化规律进行了分析,以光伏企业、银行等微观主体为研究对象,针对光伏产业投融资、创新、生产和出口等多个环节,从信号引导、产业补贴等多个视角揭示光伏政策的微观作用机制。本书通过文本分析实现了对光伏政策内容研究的深化,同时也更加系统和全面地研究了产业政策作用机制。 |
| ● |
| 相关链接 |
|
|
|
正题名:中国光伏政策效应的微观机制研究
索取号:F426.61/Y885
 
预约/预借
| 序号 | 登录号 | 条形码 | 馆藏地/架位号 | 状态 | 备注 |
| 1 | 1633918 | 216339184 | 社科库409/409社科库 36排4列4层/ [索取号:F426.61/Y885] | 在馆 |